Evaluación de la capacidad del suero lácteo para la producción de biogás /
Guardado en:
| Autor Principal: | |
|---|---|
| Autor Corporativo: | |
| Otros Autores: | |
| Formato: | Libro |
| Idioma: | Spanish |
| Publicado: |
Bahía Blanca,
2019.
|
| Materias: | |
| Acceso en línea: | Acceso a texto completo |
| Etiquetas: |
Agregar Etiqueta
Sin Etiquetas, Sea el primero en etiquetar este registro!
|
| LEADER | 01042nam a22002415a 4500 | ||
|---|---|---|---|
| 001 | EEA.libagro011192 | ||
| 008 | 191218s2019####ag#a##########000#0#spa#d | ||
| 005 | 20220205114501.0 | ||
| 245 | 1 | 0 | |a Evaluación de la capacidad del suero lácteo para la producción de biogás / |c Federico Otto Schachenmayr. |
| 260 | |a Bahía Blanca, |c 2019. | ||
| 300 | |a 42 h. : |b il. ; |c 30 cm. | ||
| 500 | |a Trabajo de intensificación (Ingeniero Agrónomo) -- Universidad Nacional del Sur. Departamento de Agronomía, 2019. | ||
| 530 | |a Disponible también en línea. | ||
| 100 | 1 | |a Schachenmayr, Federico Otto. | |
| 700 | 1 | |a Rinland, María Emilia, |e tutor. | |
| 710 | 2 | |a Universidad Nacional del Sur. |b Departamento de Agronomía. | |
| 082 | 0 | 4 | |a 665.77 |
| 650 | 7 | |a Industria lechera |2 agrovoc | |
| 650 | 7 | |a Subproductos de la leche |2 agrovoc | |
| 650 | 7 | |a Suero de leche |2 agrovoc | |
| 650 | 7 | |a Biogás |2 agrovoc | |
| 856 | 4 | 1 | |3 Acceso a texto completo |u http://repositoriodigital.uns.edu.ar/handle/123456789/4690 |
| 859 | |a AR-BbBCA |b BIB. AGRONOMIA |h 665.77 |i S291 |p 2019/7092 | ||
